Statistics for German Words by Literal Meaning

Click here to take the quiz!

General Stats

  • This quiz has been taken 14 times
    (13 since last reset)
  • The average score is 9 of 15

Answer Stats

HintAnswer% Correct
Clouds ScratchSkyscraper
92%
Hand ShoeGlove
77%
Fly ThingAirplane
69%
Word BookDictionary
69%
Glow PearLightbulb
69%
Lead PenPencil
69%
Write TableDesk
62%
Lazy AnimalSloth
62%
Shield ToadTurtle
62%
Write MachineTypewriter
54%
Sea PiggyGuinea Pig
46%
Cool CabinetRefrigerator
46%
Far SeeTelevision
46%
Purr HairMustache / Whiskers
38%
Suffer SisterNurse
31%

Score Distribution

Percentile by Number Answered

Percent of People with Each Score

Your Score History

You have not taken this quiz since the last reset